[Event "Frunze op"]
[Site "Frunze"]
[Date "1989.??.??"]
[Round "?"]
[White "Tiviakov, Sergei"]
[Black "Korsunsky, Rostislav R"]
[Result "1-0"]
[WhiteElo "2480"]
[BlackElo "2390"]

1.e4 c5 2.Nf3 Nc6 3.c3 Nf6 4.e5 Nd5 5.d4 cxd4 6.cxd4 d6 7.Bc4 Nb6 8.Bb5 dxe5
9.Nxe5 Bd7 10.Nc3 Nxe5 11.dxe5 Bxb5 12.Nxb5 Qxd1+ 13.Kxd1 Nd5 14.Ke2 a6 15.Rd1 O-O-O
16.Nd4 e6 17.Bd2 b6 18.Rac1+ Kb7 19.Rc4 Bc5 20.Nf3 Rd7 21.Ng5 Rhd8 22.Rdc1 h6
23.Ne4 Be7 24.g3 Bf8 25.a3 f5 26.exf6 gxf6 27.R1c2 h5 28.Rc6 Re8 29.Be3 f5
30.Ng5 Bc5 31.Rxe6 Rde7 32.Rxe7+ Rxe7 33.Kf3 Nxe3 34.fxe3 Bxe3 35.h4 Bd4
36.Kf4 Be5+ 37.Kxf5 Bxg3 38.Ne6 Bxh4 39.Nd8+ Ka8 40.Rc8+ Ka7 41.Nc6+ Kb7
42.Nxe7 Bxe7 43.Rh8 Bc5 44.Rxh5 b5 45.Ke4 Bf2 46.Rf5 Bg1 47.Rf1 Bc5 48.Kd5 Be3
49.Rf7+ Kb6 50.Rf3 Bg1 51.Rf1 Be3 52.Ke4 Bg5 53.Rf5 Bc1 54.Rf2 Bg5 55.Kd4 Bc1
56.Re2 Ka5 57.Kc3 Kb6 58.Kd4 Ka5 59.Rc2 Bh6 60.Rg2 Bc1 61.Rc2 Bh6 62.Rc7 Kb6
63.Re7 Bc1 64.Re6+ Kb7 65.Re2 Kb6 66.Kd5 Bg5 67.Re6+ Kb7 68.Kc5 Bd8 69.b3 Bh4
70.Rb6+ Ka7 71.Kc6 Bf2 72.Rb7+ Ka8 73.Rf7 Bg1 74.Rf4 Ka7 75.a4 bxa4 76.Rxa4 Bf2
77.b4 Be3 78.b5 Kb8 79.Rxa6  1-0

[Event "Frunze op"]
[Site "Frunze"]
[Date "1989.??.??"]
[Round "?"]
[White "Tiviakov, Sergei"]
[Black "Itkis, Boris"]
[Result "1-0"]
[WhiteElo "2480"]
[BlackElo "2310"]

1.e4 d6 2.d4 Nf6 3.Nc3 g6 4.Bg5 c6 5.Qd2 h6 6.Bh4 b5 7.Bd3 Nbd7 8.f4 e5 9.dxe5 dxe5
10.Nf3 Be7 11.fxe5 Nh7 12.Bxe7 Qxe7 13.Qxh6 Nxe5 14.O-O-O Nxf3 15.gxf3 Qg5+
16.Qxg5 Nxg5 17.f4 Ne6 18.Rdf1 Rh4 19.f5 Nf4 20.fxg6 Nxg6 21.Ne2 Ne5 22.Rfg1 Ke7
23.Rg8 Bb7 24.Rxa8 Bxa8 25.Nd4 Rh3 26.Bf1 Rh5 27.Nf5+ Kf6 28.h4 Rh8 29.Be2 c5
30.Rh2 a6 31.Kd2 Ke6 32.Ke3 Bc6 33.h5 f6 34.Rg2 Rh7 35.h6 Be8 36.Rg7 Bg6
37.Bh5 Rxg7 38.hxg7 Kf7 39.Bxg6+ Nxg6 40.b4 cxb4 41.Kd4 Ne5 42.Kc5 Nc4 43.Kxb4 Nd2
44.Ka5 Nxe4 45.Kxa6 Nc3 46.Ka5 Nxa2 47.Kxb5 Nc3+ 48.Kc4 Ne2 49.c3 Nf4 50.Kb5 Ne6  1-0

[Event "Cheliabinsk-A"]
[Site "Cheliabinsk"]
[Date "1990.??.??"]
[Round "?"]
[White "Magerramov, Elmar"]
[Black "Tiviakov, Sergei"]
[Result "1/2-1/2"]
[WhiteElo "2500"]
[BlackElo "2500"]

1.d4 Nf6 2.c4 e6 3.Nf3 b6 4.g3 Ba6 5.b3 Bb4+ 6.Bd2 Be7 7.Bg2 c6 8.Bc3 d5
9.Ne5 Nfd7 10.Nxd7 Nxd7 11.Nd2 O-O 12.O-O Rc8 13.e4 dxe4 14.Bxe4 c5 15.d5 exd5
16.Bxd5 Bf6 17.Ne4 Bxc3 18.Nxc3 Nf6 19.Re1 Rc7 20.Qc2 Bb7 21.Rad1 Re8 22.Rxe8+ Qxe8
23.Qf5 Nxd5 24.Nxd5 Bxd5 25.cxd5 Qe2 26.Qb1 Qe8 27.d6 Rd7 28.Qf5 g6 29.Qd5 Kg7
30.Kg2 Kf6 31.Qf3+ Kg7 32.Qc3+ f6 33.Qf3 Qe6 34.Qc6 g5 35.h3 Kg6 36.Rd3 h5
37.a4 Rd8 38.Rd2 Rd7 39.Kh2 Kf7 40.a5 bxa5 41.Qxc5 Kg6 42.Rd5 Qe2 43.Qd4 Qf3
44.Kg1 Qe2 45.Kg2 Qe6 46.Qd3+ Kh6 47.Rd4 Qe5 48.g4 hxg4 49.hxg4 Qe6 50.Kf3 Kg7
51.Qc4 Kf7 52.Rd5 Kf8 53.Rd1 Rxd6 54.Qxe6  1/2-1/2

[Event "Kusadasi op"]
[Site "Kusadasi"]
[Date "1990.??.??"]
[Round "8"]
[White "Tiviakov, Sergei"]
[Black "Konieczka, Frank"]
[Result "1-0"]
[WhiteElo "2490"]
[BlackElo "2215"]

1.e4 c5 2.Nf3 g6 3.d4 cxd4 4.Nxd4 Bg7 5.Nc3 Nc6 6.Be3 Nf6 7.Bc4 O-O 8.Bb3 Ng4
9.Qxg4 Nxd4 10.Qd1 e5 11.Nd5 b6 12.h4 h6 13.Qd2 Kh7 14.c3 Nxb3 15.axb3 Bb7
16.h5 g5 17.g4 Re8 18.O-O Re6 19.c4 Bf8 20.f3 Bc6 21.Ra2 Qb8 22.Rfa1 Rd6
23.b4 b5 24.c5 Re6 25.Qc3 Bg7 26.Qd3 Kh8 27.Kg2 Bf6 28.Ra6 Bd8 29.Bd2 Qb7
30.Ne3 Be7 31.Nf5 Bf8 32.Be3 Qc7 33.R1a2 Qb7 34.R2a5 Rf6 35.Qa3 d5 36.exd5 Bxd5
37.Rxf6 Bxf3+ 38.Kg3 Qe4 39.Nxh6 Bh1 40.Nxf7+ Kg8 41.Rf2 a6 42.Nxg5 Qc6 43.Qd3 e4
44.Qb3+  1-0

[Event "Wch U18"]
[Site "Singapore"]
[Date "1990.??.??"]
[Round "?"]
[White "Gurevich, Ilya"]
[Black "Tiviakov, Sergei"]
[Result "0-1"]
[WhiteElo "2410"]
[BlackElo "2480"]

1.e4 c5 2.Nf3 d6 3.d4 cxd4 4.Nxd4 Nf6 5.Nc3 g6 6.Be3 Bg7 7.f3 Nc6 8.Qd2 O-O
9.O-O-O d5 10.exd5 Nxd5 11.Nxc6 bxc6 12.Bd4 e5 13.Bc5 Re8 14.Ne4 f5 15.Bc4 fxe4
16.fxe4 Qh4 17.Qd3 Kh8 18.exd5 Bf5 19.Qc3 cxd5 20.Bxd5 Rac8 21.b4 e4 22.Qg3 Qf6
23.Bd4 e3 24.Bb3 Qe7 25.Rhe1 Qe4 26.Bxg7+ Kxg7 27.Re2 Bg4 28.Qe1 Bxe2 29.Qxe2 Qxb4
30.Rd3 Qe4 31.Kb1 Rc7 32.g3 Rf8 33.Rd1 Rf2 34.Qa6 e2 35.Re1 Qb4 36.Kb2 Qxe1
37.Qd6 Qa1+  0-1

[Event "URS-qualJ"]
[Site "Sochi"]
[Date "1990.??.??"]
[Round "?"]
[White "Alterman, Boris"]
[Black "Tiviakov, Sergei"]
[Result "1/2-1/2"]
[WhiteElo "2400"]
[BlackElo "2500"]

1.d4 Nf6 2.c4 e6 3.Nf3 b6 4.g3 Ba6 5.b3 Bb4+ 6.Bd2 Be7 7.Bg2 c6 8.Bc3 d5
9.Ne5 Nfd7 10.Nxd7 Nxd7 11.Nd2 O-O 12.O-O Rc8 13.e4 c5 14.exd5 exd5 15.dxc5 dxc4
16.c6 cxb3 17.Nc4 b2 18.Bxb2 Bxc4 19.Qg4 Bf6 20.Bxf6 Qxf6 21.Qxc4 Ne5 22.Qa6 Nf3+  1/2-1/2

[Event "Rilton Cup"]
[Site "Stockholm"]
[Date "1990.??.??"]
[Round "3"]
[White "Tiviakov, Sergei"]
[Black "Astrom, Robert"]
[Result "1-0"]
[WhiteElo "2500"]
[BlackElo "2295"]

1.e4 c5 2.Nf3 d6 3.d4 cxd4 4.Nxd4 Nf6 5.Nc3 a6 6.Be3 e6 7.a4 Be7 8.Be2 O-O
9.O-O Qc7 10.a5 Nbd7 11.Nb3 b5 12.axb6 Nxb6 13.Qd4 Nfd7 14.Rfd1 Nc5 15.Qb4 Nbd7
16.Qa5 Qb8 17.Nxc5 Nxc5 18.Qa3 Bb7 19.f3 Rc8 20.Bf4 Qc7 21.Qa5 Qc6 22.Kh1 Kh8
23.Rd2 Rd8 24.Rad1 Rac8 25.Na2 Nxe4 26.fxe4 Qxe4 27.Bf3 Qxf4 28.Bxb7 Rb8
29.Qc7 Qf6 30.Bxa6 d5 31.Rf1 Qg5 32.Rdf2 f5 33.Bd3 Rxb2 34.Nc3 Bd6 35.Qc6 Qh4
36.g4 g6 37.Nb5 Qe7 38.gxf5 gxf5 39.Re2 Rb4 40.Nxd6 Qxd6 41.Rxe6  1-0

[Event "Rilton Cup"]
[Site "Stockholm"]
[Date "1990.??.??"]
[Round "9"]
[White "Tiviakov, Sergei"]
[Black "Lukez, Franko"]
[Result "1-0"]
[WhiteElo "2500"]
[BlackElo "2325"]

1.e4 e5 2.Nf3 Nc6 3.Bb5 Bb4 4.c3 Ba5 5.Na3 Bb6 6.Nc4 d6 7.O-O Ne7 8.d4 exd4
9.Nxb6 axb6 10.Nxd4 O-O 11.Re1 Nxd4 12.Qxd4 Be6 13.a3 Nc6 14.Qd1 Qh4 15.g3 Qg4
16.Qxg4 Bxg4 17.Kg2 Ne5 18.f4 Nc6 19.b4 Rfe8 20.Bb2 Re7 21.Bd3 Rae8 22.Kf2 f6
23.c4 Bh5 24.Re3 f5 25.Rae1 fxe4 26.Bxe4 Bf7 27.b5 Nd8 28.Bxh7+ Kf8 29.Bxg7+ Kxg7
30.Rxe7 Rxe7 31.Rxe7 Kxh7 32.Rd7 Kg6 33.Rxd8 Bxc4 34.Rc8  1-0

[Event "Clichy op"]
[Site "Clichy"]
[Date "1991.??.??"]
[Round "3"]
[White "Tiviakov, Sergei"]
[Black "Timmer, Robert"]
[Result "1-0"]
[WhiteElo "2520"]
[BlackElo "2305"]

1.e4 Nf6 2.e5 Nd5 3.d4 d6 4.Nf3 g6 5.c4 Nb6 6.exd6 cxd6 7.Be2 Bg7 8.O-O O-O
9.Nc3 Nc6 10.h3 Bf5 11.Be3 d5 12.cxd5 Nxd5 13.Qb3 Nxe3 14.fxe3 Bc8 15.Rad1 b6
16.Ng5 Bf6 17.Nge4 Bb7 18.Bf3 Na5 19.Nxf6+ exf6 20.Qc2 Qe7 21.Bxb7 Nxb7 22.Nd5 Qd8
23.Qc6 Nd6 24.Rxf6  1-0

[Event "Clichy op"]
[Site "Clichy"]
[Date "1991.??.??"]
[Round "4"]
[White "Renet, Olivier"]
[Black "Tiviakov, Sergei"]
[Result "1-0"]
[WhiteElo "2470"]
[BlackElo "2520"]

1.e4 c5 2.Nf3 Nc6 3.d4 cxd4 4.Nxd4 g6 5.c4 Nf6 6.Nc3 d6 7.Be2 Nxd4 8.Qxd4 Bg7
9.Bg5 O-O 10.Qd2 Be6 11.O-O Qa5 12.Rad1 Rfc8 13.b3 Kf8 14.f4 Rc5 15.Bf3 Rxg5
16.fxg5 Nd7 17.Nd5 Qc5+ 18.Qf2 Be5 19.g3 Bxd5 20.Qxc5 Nxc5 21.exd5 a5 22.Bg4 Kg7
23.Rfe1 Ra6 24.Kg2 Rb6 25.Re3 a4 26.Rb1 Rb4 27.Bd1 axb3 28.axb3 h6 29.gxh6+ Kxh6
30.h4 Na4 31.Bc2 Nc5 32.g4 b5 33.g5+ Kg7 34.cxb5 Rxh4 35.Bd1 Rb4 36.Be2 e6
37.dxe6 Nxe6 38.Bc4 Nxg5 39.Rxe5 dxe5 40.Ra1 Kf6 41.Ra4 Rxa4 42.bxa4 Ne4
43.b6 Nc5 44.a5 Ke7 45.b7 Nxb7 46.a6 Nd6 47.a7 Nxc4 48.a8=Q Nd6 49.Qd5 f6
50.Qg8 Nf5 51.Kf3  1-0

[Event "Groningen op"]
[Site "Groningen"]
[Date "1991.??.??"]
[Round "3"]
[White "Tiviakov, Sergei"]
[Black "Nicoara Etchegaray, Malina"]
[Result "1-0"]
[WhiteElo "2535"]
[BlackElo "2120"]

1.e4 Nf6 2.e5 Nd5 3.d4 d6 4.Nf3 Nb6 5.exd6 cxd6 6.Be2 g6 7.O-O Bg7 8.Bg5 O-O
9.Re1 Nc6 10.c3 h6 11.Be3 Nd5 12.Bc1 e5 13.c4 Nde7 14.d5 Nd4 15.Nxd4 exd4
16.Nd2 b5 17.cxb5 Nxd5 18.Bf3 Be6 19.Nb3 Qb6 20.a4 a5 21.Re4 Nb4 22.Bd2 Bf5
23.Bxb4 Bxe4 24.Bxe4 axb4 25.Bxa8 Rxa8 26.Qd3 Be5 27.a5 Qb7 28.b6  1-0

[Event "Groningen op"]
[Site "Groningen"]
[Date "1991.??.??"]
[Round "4"]
[White "Pogorelov, Ruslan"]
[Black "Tiviakov, Sergei"]
[Result "0-1"]
[WhiteElo "2380"]
[BlackElo "2535"]

1.Nf3 Nf6 2.d4 e6 3.Bg5 c5 4.e3 d5 5.Nbd2 Be7 6.c3 b6 7.Bd3 Bb7 8.h3 Nbd7
9.Bf4 a6 10.Ne5 b5 11.O-O O-O 12.Bh2 b4 13.cxb4 c4 14.Bc2 Bxb4 15.a3 Bd6
16.f4 Qc7 17.Rc1 Rab8 18.g4 g6 19.Ndf3 Ba8 20.g5 Nh5 21.Rb1 Rb6 22.Ng4 Rfb8
23.Nfe5 Kg7 24.Nh6 f5 25.gxf6+ Ndxf6 26.Nhf7 Rxb2 27.Rxb2 Rxb2 28.f5 Bxe5
29.Nxe5 Qa5 30.fxg6 Qc3 31.Rf2 hxg6 32.Bxg6 Qxe3 33.Qf3 Qxd4 34.Bxh5 Qxf2+
35.Qxf2 Rxf2 36.Kxf2 Nxh5 37.Ke3 Kf6 38.Kd4 Bb7 39.Nd7+ Kf5 40.Be5 Bc6 41.Nc5 a5
42.Bc7 a4 43.Bd6 Nf6 44.Be5 Ng8 45.h4 Nf6 46.Bg3 Ng4 47.Kc3 e5 48.Kb4 Ne3
49.h5 Nc2+ 50.Kc3 Nxa3 51.h6 Nb5+ 52.Kb4 Nd6 53.h7 Nf7 54.Nxa4 Bxa4 55.Kxa4 c3
56.Kb3 d4 57.Kc2 Kf6 58.Kd3 Kg7  0-1

[Event "URS-ch U26"]
[Site "Kherson"]
[Date "1991.??.??"]
[Round "?"]
[White "Aleksandrov, Aleksej"]
[Black "Tiviakov, Sergei"]
[Result "0-1"]
[WhiteElo "2370"]
[BlackElo "2520"]

1.d4 Nf6 2.c4 e6 3.Nc3 Bb4 4.e3 O-O 5.Bd3 d5 6.cxd5 exd5 7.Ne2 Bd6 8.Qc2 a5
9.Bd2 Na6 10.a3 c6 11.f3 c5 12.O-O Bd7 13.Be1 Qe8 14.Bf2 b5 15.dxc5 Nxc5
16.Rad1 Kh8 17.Bf5 Qe5 18.Ng3 Bc6 19.Nce2 b4 20.axb4 axb4 21.Nd4 Be8 22.Bh3 g6
23.e4 b3 24.Qb1 dxe4 25.f4 Qd5 26.Ndf5 Nd3 27.Nxe4 Nxe4 28.Rxd3 Qc6 29.Nxd6 Nxd6
30.Bg4 Ne4 31.Bd4+ Kg8 32.f5 Bd7 33.Qd1 h5 34.Bxh5 Bxf5 35.Bg4 Bxg4 36.Qxg4 Rad8
37.Rh3 f5 38.Qh4 Kf7 39.Rc3 Nxc3 40.Bxc3 Qb6+ 41.Kh1 Rd6 42.Re1 Re6 43.Qh7+ Ke8
44.Qxg6+ Kd7 45.Qg7+ Ke8 46.Ra1 Rd6 47.Ra8+ Rd8 48.Ba5 Qxa5 49.Qg6+ Rf7 50.Qg8+ Ke7
51.Qg5+ Rf6 52.Qe3+ Re6 53.Qg5+ Kd7 54.Rxd8+ Qxd8 55.Qxf5 Qf6 56.Qb5+ Ke7
57.Qb4+ Kf7 58.h3 Qxb2  0-1

[Event "Wch U20"]
[Site "Mamaia"]
[Date "1991.??.??"]
[Round "?"]
[White "Bathie, Nicol"]
[Black "Tiviakov, Sergei"]
[Result "0-1"]
[WhiteElo "2255"]
[BlackElo "2535"]

1.e4 c5 2.f4 g6 3.Nf3 Bg7 4.Be2 e6 5.d3 Ne7 6.c3 b6 7.O-O O-O 8.Qe1 Nbc6
9.Be3 d5 10.Kh1 Ba6 11.Nbd2 Rc8 12.Rc1 d4 13.cxd4 Nb4 14.Nc4 Nxa2 15.Ra1 Nb4
16.Qd2 cxd4 17.Qxb4 Bxc4 18.Bf2 a5 19.Qa4 Ba6 20.b4 Rc3 21.b5 Bb7 22.Ne5 Nc8
23.Bxd4 Rc7 24.Rac1 Qd6 25.Bb2 Rxc1 26.Rxc1 Rd8 27.Ba3 Qb8 28.Nc6 Bxc6 29.bxc6 Qc7
30.e5 Bf8 31.Bb2 Ne7 32.d4 Nd5 33.g3 Qb8 34.Bf3 Qc7 35.Be2 Bb4 36.Qb5 Qa7
37.Qa4 Nc7 38.Bc4 Qb8 39.Bb5 Rd5 40.Bd3 b5 41.Qc2 Qf8 42.Be4 Rd8 43.Kg2 Ba3
44.Ra1 Bxb2 45.Qxb2 a4 46.Kf3 Ra8 47.g4 a3 48.Qb3 Ra4 49.g5 Qa8 50.Ra2 Qa7
51.Qc3 Rc4 52.Qd3 Rxd4 53.Qxa3 Ra4 54.Qe7 Rxa2 55.Qd8+ Ne8 56.Qxe8+ Kg7 57.Qd8 Qf2+
58.Kg4 Qg1+ 59.Kf3 Rf2+ 60.Ke3 Rf1+  0-1

[Event "Wch U20"]
[Site "Mamaia"]
[Date "1991.??.??"]
[Round "?"]
[White "Bezold, Michael"]
[Black "Tiviakov, Sergei"]
[Result "0-1"]
[WhiteElo "2355"]
[BlackElo "2535"]

1.g3 c5 2.Bg2 Nc6 3.e4 g6 4.Nc3 Bg7 5.d3 e6 6.Be3 d6 7.Qd2 Nd4 8.Nd1 Ne7
9.c3 Ndc6 10.Nf3 b6 11.Bh6 O-O 12.O-O Ba6 13.Re1 Ne5 14.Bxg7 Kxg7 15.d4 cxd4
16.cxd4 Nc4 17.Qe2 b5 18.Nd2 Qb6 19.e5 Rad8 20.Nxc4 bxc4 21.exd6 Qxd6 22.Qe5+ Kg8
23.Nc3 Qxd4 24.Qg5 Nf5 25.Rad1 h6 26.Qc1 Qg7 27.Qc2 Nd4 28.Qa4 Rd6 29.Ne4 Bb5
30.Qxa7 Ne2+ 31.Kh1 Rxd1 32.Rxd1 Qxb2 33.a4 c3 34.axb5 c2 35.Qa1 cxd1=Q+
36.Qxd1 Rc8 37.Bf1 Nd4 38.Kg2 Nxb5 39.Qd7 Rb8 40.h4 Qd4 41.Qc6 Nc3 42.Nxc3 Rb2
43.Ne4 Kg7 44.Kg1 Rb4 45.Bg2 Rb1+ 46.Kh2 Rb2 47.Qc7 Ra2 48.Qe7 Ra7 49.Qc5 Qxc5
50.Nxc5 Rc7 51.Ne4 f5 52.Nd6 Rc2 53.Kg1 Kf6 54.Nb5 e5 55.Bf1 Ke6 56.Na3 Rc1
57.Nc4 Kd5 58.Ne3+ Ke4 59.Nc4 Kd4 60.Nd2 Kd5 61.Nb3 Rc2 62.Ba6 Rb2 63.Na5 Rb4
64.Bf1 e4 65.Kg2 Kc5 66.Kg1 g5 67.hxg5 hxg5 68.Kg2 f4 69.gxf4 gxf4 70.f3 Rb2+
71.Kg1 e3 72.Nc4 Rf2 73.Ne5 Kd4 74.Nc6+ Kc3 75.Ne5 Kd2 76.Nc4+ Ke1 77.Bg2 e2
78.Ne5 Rf1+  0-1

[Event "Wch U20"]
[Site "Mamaia"]
[Date "1991.??.??"]
[Round "?"]
[White "Tiviakov, Sergei"]
[Black "Le Quang, Kim"]
[Result "1-0"]
[WhiteElo "2535"]
[BlackElo "2280"]

1.e4 e5 2.Nf3 Nc6 3.Bb5 a6 4.Ba4 Nf6 5.Qe2 b5 6.Bb3 Be7 7.c3 O-O 8.O-O d6
9.a4 Bd7 10.d4 h6 11.Rd1 Re8 12.Nbd2 exd4 13.cxd4 Bf8 14.h3 Nb4 15.e5 Bf5
16.Nf1 bxa4 17.Rxa4 Nfd5 18.Ne3 Nxe3 19.Bxe3 d5 20.Rc1 Rb8 21.Rc3 Re6 22.Ra1 Rg6
23.Kh2 Be4 24.Rg1 a5 25.Nd2 c5 26.Nxe4 dxe4 27.dxc5 Qc7 28.Bf4 Nd3 29.Qxe4 Nxf4
30.Qxf4 Rb4 31.Qe3 a4 32.Bc2 Rg5 33.f4  1-0

[Event "Paris-ch"]
[Site "Paris"]
[Date "1991.??.??"]
[Round "4"]
[White "Tiviakov, Sergei"]
[Black "Delebarre, Xavier"]
[Result "1-0"]
[WhiteElo "2520"]
[BlackElo "2265"]

1.e4 c5 2.Nf3 g6 3.d4 Bg7 4.Nc3 cxd4 5.Nxd4 Nc6 6.Be3 Nf6 7.Bc4 Qa5 8.O-O O-O
9.Bb3 d6 10.h3 Bd7 11.f4 Nxd4 12.Bxd4 Bc6 13.Qd3 Rad8 14.Nd5 Nxd5 15.exd5 Bb5
16.c4 Bd7 17.Bxg7 Kxg7 18.Rae1 e6 19.dxe6 Bxe6 20.Qd4+ Kg8 21.f5 Bxf5 22.Re7 Rd7
23.Rxd7 Bxd7 24.Qxd6 Be6 25.Qe7 b6 26.Rd1 Rc8 27.Kh1 Kg7 28.Qb7 Qh5 29.Rf1 Rc5
30.Bd1 Qh4 31.b3 Rg5 32.Qe7 Qg3 33.Bg4 h6 34.Qf6+ Kh7 35.Rf3 Qe1+ 36.Rf1 Qg3
37.Rf3 Qe1+ 38.Kh2 Qd2 39.Rf2 Qd6+ 40.Kh1 Re5 41.Rf1 Ra5 42.Bxe6 Qxe6 43.Qxf7+ Qxf7
44.Rxf7+ Kg8 45.Rf2 Kg7 46.Kh2 Ra3 47.Kg3 a5 48.Kf4 a4 49.Rb2 axb3 50.axb3 Kf6
51.Ke4 Ke6 52.Kd4 Ra1 53.Kc3 Re1 54.Kb4 Re5 55.Rd2 g5 56.Rd8  1-0

[Event "Paris-ch"]
[Site "Paris"]
[Date "1991.??.??"]
[Round "6"]
[White "Tiviakov, Sergei"]
[Black "Metral, Jean Paul"]
[Result "1-0"]
[WhiteElo "2520"]
[BlackElo "2150"]

1.e4 e6 2.d4 d5 3.Nd2 Nf6 4.e5 Nfd7 5.Bd3 c5 6.c3 Nc6 7.Ne2 cxd4 8.cxd4 f6
9.exf6 Nxf6 10.O-O Bd6 11.Nf3 Qc7 12.Bg5 O-O 13.Rc1 a6 14.Bh4 Nh5 15.Qc2 h6
16.Bh7+ Kh8 17.Bg6 Nf4 18.Nxf4 Bxf4 19.Rcd1 Qb6 20.Qe2 Bd7 21.Bb1 Rac8 22.Bg3 Ne7
23.Qd3 g6 24.Bxf4 Rxf4 25.Ne5 Re8 26.Qe3 g5 27.g3 Nf5 28.Qa3 Re4 29.Bxe4 dxe4
30.Qf8+ Kh7 31.Ng4 Qc6 32.d5  1-0

[Event "Paris-ch"]
[Site "Paris"]
[Date "1991.??.??"]
[Round "7"]
[White "Spraggett, Kevin"]
[Black "Tiviakov, Sergei"]
[Result "1-0"]
[WhiteElo "2495"]
[BlackElo "2520"]

1.g3 c5 2.Bg2 Nc6 3.d3 g6 4.c4 Bg7 5.Nc3 e6 6.Bxc6 dxc6 7.Qd2 Ne7 8.b3 Nf5
9.Bb2 e5 10.e3 Qe7 11.O-O-O Bd7 12.Kb1 O-O-O 13.h3 Kb8 14.Nf3 Bc8 15.Qe2 Nd6
16.e4 Ne8 17.Na4 Nc7 18.Bc3 f6 19.a3 Ne6 20.b4 cxb4 21.axb4 Nd4 22.Nxd4 exd4
23.Bd2 b6 24.Kb2 Be6 25.Ra1 Kb7 26.Ra3 Rhe8 27.Rha1 Ra8 28.h4 Qd7 29.f4 Bf8
30.Qf3 Reb8 31.Kc2 f5 32.e5 h5 33.Qh1 Kc8 34.c5 bxc5 35.bxc5 Qb7 36.Kd1 Kd7
37.Qg1 Ke8 38.Qxd4 Rd8 39.Qc3 Rab8 40.Kc2 Qb5 41.Be3 Bb3+ 42.Rxb3 Qxb3+ 43.Qxb3 Rxb3
44.Nc3 Rdb8 45.Ra2 Be7 46.d4 Bd8 47.Rxa7 Rb2+ 48.Kd3 Rg2 49.d5 cxd5 50.Nxd5 Rxg3
51.c6 Rb3+ 52.Kc4 Rbxe3 53.Nxe3 Rxe3 54.c7 Bxc7 55.Rxc7 Re4+ 56.Kd5 Rxf4
57.Ke6 Kd8 58.Rd7+ Kc8 59.Rg7 Rxh4 60.Rxg6 Rg4 61.Rh6 f4 62.Rxh5 Kc7 63.Kf7 f3
64.Rf5 Re4 65.e6 Re3 66.e7  1-0

[Event "Torcy op"]
[Site "Torcy"]
[Date "1991.??.??"]
[Round "?"]
[White "Tiviakov, Sergei"]
[Black "Andruet, Gilles"]
[Result "1-0"]
[WhiteElo "2520"]
[BlackElo "2375"]

1.e4 c5 2.Nf3 e6 3.d4 cxd4 4.Nxd4 Nf6 5.Nc3 d6 6.Be2 Be7 7.O-O a6 8.a4 Nc6
9.Be3 O-O 10.f4 Qc7 11.Kh1 Re8 12.Bf3 Rb8 13.g4 Nxd4 14.Bxd4 e5 15.fxe5 dxe5
16.Ba7 Ra8 17.g5 Rd8 18.Qe2 Rxa7 19.gxf6 Bxf6 20.Nd5 Rxd5 21.exd5 Be7 22.Be4 Bd6
23.Qd3 h6 24.Rf3 b6 25.Raf1 f6 26.Rg1 Qc5 27.Rxf6 Qxg1+ 28.Kxg1 gxf6 29.Bf5  1-0

[Event "Gausdal Int"]
[Site "Gausdal"]
[Date "1992.??.??"]
[Round "3"]
[White "Dahl, Ingrid"]
[Black "Tiviakov, Sergei"]
[Result "0-1"]
[WhiteElo "2130"]
[BlackElo "2585"]

1.e4 c5 2.c3 e5 3.Bc4 Nc6 4.d3 Nf6 5.Nf3 Be7 6.O-O O-O 7.Re1 d6 8.a4 b6 9.Nbd2 Bb7
10.Nf1 Na5 11.Ba2 c4 12.Ng3 cxd3 13.Qxd3 Bc8 14.Bg5 Be6 15.Bxf6 Bxf6 16.Bxe6 fxe6
17.Red1 Be7 18.b4 Nb7 19.Qc4 Qc8 20.Qb3 g6 21.Rd3 Rf4 22.Nd2 Kg7 23.Ne2 Rf6
24.Rf3 Rxf3 25.Nxf3 Kf7 26.Rd1 Qc6 27.Ng3 a5 28.Rb1 axb4 29.Qxb4 Bd8 30.Qb5 Qc7
31.Nd2 Ra5 32.Qb4 Qc6 33.Ra1 Ra7 34.Nb3 d5 35.exd5 exd5 36.Qg4 Nd6 37.Qf3+ Bf6
38.a5 bxa5 39.Qd3 a4 40.h3 Nb5 41.Nd2 Nxc3  0-1

[Event "Gausdal Int"]
[Site "Gausdal"]
[Date "1992.??.??"]
[Round "4"]
[White "Tiviakov, Sergei"]
[Black "Berg, Klaus"]
[Result "1/2-1/2"]
[WhiteElo "2585"]
[BlackElo "2405"]

1.e4 c6 2.d4 d5 3.Nd2 dxe4 4.Nxe4 Bf5 5.Ng3 Bg6 6.h4 h6 7.Nf3 Nd7 8.h5 Bh7
9.Bd3 Bxd3 10.Qxd3 Qc7 11.Bd2 e6 12.O-O-O Ngf6 13.Qe2 O-O-O 14.Ne5 Nb6 15.Ba5 Rd5
16.Bxb6 axb6 17.Ne4 Nxe4 18.Qxe4 Bd6 19.Nf3 Be7 20.c4 Rdd8 21.Rd3 Bf6 22.Rhd1 Rd6
23.Ra3 Kb8 24.Qc2 Rhd8 25.Qa4 Kc8 26.Qc2 Kb8 27.Rad3 e5 28.dxe5 Rxd3 29.Rxd3 Rxd3
30.Qxd3 Bxe5 31.Kc2 Bf6 32.Qe3 Qd7 33.Qf4+ Ka7 34.Qe4  1/2-1/2

[Event "Arnold Cup"]
[Site "Gausdal"]
[Date "1992.??.??"]
[Round "4"]
[White "Tiviakov, Sergei"]
[Black "Ginting, Nasib"]
[Result "1-0"]
[WhiteElo "2585"]
[BlackElo "2430"]

1.e4 c5 2.Nf3 d6 3.d4 cxd4 4.Nxd4 Nf6 5.Nc3 e6 6.Be2 a6 7.a4 Nc6 8.O-O Be7
9.Be3 O-O 10.f4 Re8 11.Kh1 Qc7 12.Bf3 Rb8 13.g4 Bf8 14.g5 Nd7 15.Bg2 g6 16.Qe1 Nxd4
17.Bxd4 b5 18.axb5 axb5 19.Qh4 b4 20.Rf3 h6 21.gxh6 Kh7 22.f5 Ne5 23.Bxe5 dxe5
24.fxg6+ fxg6 25.Raf1 Be7 26.Rf7+ Kh8 27.Qg4 g5 28.Qh5  1-0

[Event "Gausdal Int"]
[Site "Gausdal"]
[Date "1992.??.??"]
[Round "8"]
[White "Savchenko, Stanislav"]
[Black "Tiviakov, Sergei"]
[Result "1-0"]
[WhiteElo "2505"]
[BlackElo "2585"]

1.c4 c5 2.Nc3 g6 3.g3 Bg7 4.Bg2 Nc6 5.a3 d6 6.Rb1 Bxc3 7.bxc3 Nf6 8.d3 Qc7
9.e4 Bd7 10.f4 Nh5 11.Nf3 e5 12.f5 O-O-O 13.O-O f6 14.Nh4 Rdg8 15.Bf3 g5
16.Ng2 Ng7 17.h4 h6 18.Kf2 Ne7 19.Rh1 Qd8 20.Ne3 Qf8 21.Qb3 Bc6 22.Nd5 b6
23.a4 Nxd5 24.cxd5 Bd7 25.d4 Ne8 26.Be3 gxh4 27.Rxh4 cxd4 28.cxd4 Kd8 29.Rc1 Qg7
30.Rh3 Nc7 31.a5 exd4 32.Bxd4 Nb5 33.Be3 bxa5 34.Rch1 Ke7 35.Be2 a4 36.Qb4 h5
37.e5 a5 38.Qxa5 fxe5 39.Bxb5 Rb8 40.Be2 Rb2 41.Qc3 Rxe2+ 42.Kxe2 Qg4+ 43.Kd2 Rc8
44.Rxh5 Rxc3 45.Bg5+ Qxg5+ 46.Rxg5 Kf6 47.Rhh5  1-0

[Event "Peer Gynt"]
[Site "Gausdal"]
[Date "1992.??.??"]
[Round "9"]
[White "Budnikov, Alexandar"]
[Black "Tiviakov, Sergei"]
[Result "1/2-1/2"]
[WhiteElo "2540"]
[BlackElo "2585"]

1.Nf3 Nf6 2.c4 b6 3.g3 e6 4.Bg2 Bb7 5.O-O d5 6.cxd5 Nxd5 7.b3 Be7 8.Bb2 O-O
9.Nc3 Nd7 10.Qc2 c5 11.a3 Rc8 12.Rfc1 N7f6 13.d3 a6 14.Nb1 Nd7 15.Nbd2 Nb8
16.Nc4 Nc6 17.e3 Qc7 18.Rd1 Rfd8 19.Rac1 b5 20.Ncd2 Qb6 21.Ne4 Na5 22.Rb1 Bf8
23.Re1 Ne7 24.Ne5 Ng6 25.Nf3 Bd5 26.Ba1 Bxe4 27.dxe4 c4 28.b4 Nc6 29.h4 Qc7
30.Qb2 Rd3 31.h5 Rb3 32.Qc2 Rxb1 33.Rxb1 Nge5 34.Nxe5 Nxe5 35.Qc3 f6 36.h6 Rd8
37.hxg7 Bxg7 38.Qc2 Rd3 39.a4 Qd6 40.axb5 axb5 41.Bc3 f5 42.Bd4 Nc6 43.Bc5 Qd7
44.exf5 exf5 45.Qe2 Ne5 46.Rf1 Rd2 47.Qh5 c3 48.e4 c2 49.exf5 Rd1 50.Be3 Rxf1+
51.Bxf1 Qc6 52.Bc1 Nf3+ 53.Kg2 Nd2+ 54.Kg1 Nf3+ 55.Kg2 Nd2+  1/2-1/2

[Event "Alekhine op"]
[Site "Moscow"]
[Date "1992.??.??"]
[Round "?"]
[White "Nenashev, Alexander"]
[Black "Tiviakov, Sergei"]
[Result "1/2-1/2"]
[WhiteElo "2510"]
[BlackElo "2585"]

1.d4 Nf6 2.c4 e6 3.Nc3 Bb4 4.e3 O-O 5.Ne2 d5 6.a3 Be7 7.Ng3 c6 8.Bd3 b6 9.O-O Bb7
10.Qe2 Nbd7 11.Rd1 Qc7 12.Bd2 Rad8 13.Rac1 Qb8 14.cxd5 Nxd5 15.Bb1 Rfe8 16.e4 Nf4
17.Qg4 Ng6 18.Nh5 Nf6 19.Nxf6+ Bxf6 20.Be3 e5 21.d5 Ne7 22.Ba2 Rd6 23.Qh5 Rf8
24.Rc2 Rdd8 25.Rcd2 cxd5 26.exd5 g6 27.Qh3 Nf5 28.Ne4 Bg7 29.Bb1 h6 30.Nc3 Nxe3
31.fxe3 Qd6 32.Ne4 Qe7 33.Qg3 Kh7 34.h4 f5 35.Nf2 e4 36.h5 gxh5 37.Nh3 Be5
38.Nf4 Rg8 39.Qf2 Qf7 40.Rf1 Rg4 41.Ne6 Rxd5 42.Rxd5 Bxd5 43.Qxf5+ Qxf5 44.Rxf5 Bxe6
45.Rxe5 Bf7 46.Rxe4 Rxe4 47.Bxe4+ Kg7 48.Kf2 Kf6 49.Bb7 h4 50.Bc8 Ke5 51.Kf3 Bd5+
52.Kf2 Be4 53.Bg4 Kd6 54.Kg1 Kd5 55.Be2 Bf5 56.Kf2 Ke4 57.Bf1 Be6 58.b4 Bd7
59.Ba6 b5 60.Bb7+ Kd3 61.e4 Kd4 62.Kf3 Ke5 63.Ke3 h5 64.Ba6 Bc6 65.Bc8 Bxe4
66.Bd7 a6 67.Bc8  1/2-1/2

[Event "Podolsk"]
[Site "Podolsk"]
[Date "1992.??.??"]
[Round "?"]
[White "Gufeld, Eduard"]
[Black "Tiviakov, Sergei"]
[Result "0-1"]
[WhiteElo "2485"]
[BlackElo "2585"]

1.e4 c5 2.Nf3 Nc6 3.d4 cxd4 4.Nxd4 e5 5.Nb5 d6 6.c4 Be7 7.Bd3 a6 8.N5c3 Bg5
9.Nd2 Nge7 10.O-O O-O 11.a3 Be6 12.Nd5 Nd4 13.Nb3 Bxc1 14.Nxe7+ Qxe7 15.Rxc1 Nc6
16.Rc3 a5 17.Qd2 Rfc8 18.Qe3 a4 19.Nd2 Na5 20.f4 exf4 21.Qxf4 Rc5 22.Rd1 h6
23.Bf1 Rac8 24.Rdc1 R8c6 25.h3 Qc7 26.Kh2 Bxc4 27.Bxc4 Nxc4 28.b4 axb3 29.Nxb3 Re5
30.Rg3 g5 31.Nd4 Rcc5 32.Nf5 Kh7 33.Qf2 Rxe4 34.Nxd6 Qxd6 35.Qxf7+ Kh8 36.Rd1 Qe7
37.Rf3 Ne5 38.Qf8+ Qxf8 39.Rxf8+ Kg7 40.Rb8 Rc7 41.Rb1 Ra4 42.R8xb7 Rxb7
43.Rxb7+ Nf7 44.Rb3 Nd6 45.Rb6 Ne8 46.Rb3 Kg6 47.g4 Nf6 48.Kg2 Nd5 49.Rf3 Rc4
50.Kg3 Rd4 51.Rb3 Kf6 52.h4 Ke6 53.hxg5 hxg5 54.Kh3 Rd3+ 55.Rxd3 Nf4+ 56.Kg3 Nxd3
57.a4 Ne5 58.a5 Kd5 59.a6 Kc6 60.a7 Kb7  0-1

[Event "Podolsk"]
[Site "Podolsk"]
[Date "1992.??.??"]
[Round "?"]
[White "Kiselev, Sergey"]
[Black "Tiviakov, Sergei"]
[Result "1/2-1/2"]
[WhiteElo "2530"]
[BlackElo "2585"]

1.d4 Nf6 2.c4 e6 3.Nf3 b6 4.g3 Bb4+ 5.Bd2 Be7 6.Nc3 Bb7 7.Bg2 c6 8.O-O d5
9.Bf4 O-O 10.Qb3 Nbd7 11.cxd5 cxd5 12.a4 a6 13.Rfc1 Rc8 14.Na2 Rxc1+ 15.Rxc1 Qa8
16.Bc7  1/2-1/2